Guess the NewJeans songs lyrics by Max - Statistics

General Stats
  • This quiz has been taken 275 times
  • The average score is 7 of 7
Answer Stats
Hint Answer % Correct
you got looking for attention....... Attention
100%
stay in the middle like you a little Ditto
99%
come and take and lookie Cookie
98%
im not gonna be the one get hurt Hurt
98%
Cause i know what you like that boy Hype Boy
98%
i was really hoping that it will come through OMG
94%
coca cola masita coca cola masita Zero
93%
No matching quizzes found
Score Distribution
Percent of People with Each Score
Percentile by Number Answered
Your Score History
You have not taken this quiz